LEADER 01099nam a2200253 i 4500 001 000000161259 003 CaOOAMICUS 005 20080404000000.0 008 080404s1967 it u000 u mul u 013 $a138622 040 $aSeMil$bita 100 1 $aCunnane, Joseph.$0(OLS)http://semarc/name/42562 245 14$aThe ministry and life of priests :$bVatican 2. on priests and seminaries /$cJoseph Cunnane. 260 $aDublin ; Chicago :$bScepter,$c1967. 300 $a254 p. ;$c22 cm. 500 $aFondo Card. Giovanni Colombo. 650 4$aConcilio Vaticano II <1962-1965> - Sacerdozio.$0(OLS)http://semarc/subject/7960 650 4$aConcilio Vaticano II <1962-1965> - Seminari.$0(OLS)http://semarc/subject/10970 850 $aSeMil 852 $aSeMil$W1$xVenegono$y1$m3G III 232$j112691$B112691$CSeMilBibl$Z2$F133349 $81 941 1 $a3 961 $aLascito: Colombo Card. Giovanni 996 $6245$aThe ministry and life of priests :$bVatican 2. on priests and seminaries$9(OLS)http://semarc/title/144297 996 $6260$aDublin ; Chicago :$bScepter$9(OLS)http://semarc/publisher/44406 LEADER 01650nam a2200325 i 4500 001 000000212376 003 CaOOAMICUS 005 20120410000000.0 008 120410s2012 it u000 u ita u 013 $a191207 020 $a978-88-215-7492-4 040 $aSeMil$bita 100 1 $aMartini, Carlo Maria,$c.$0(OLS)http://semarc/name/89159 245 10$aIncontro al Signore Risorto :$bil cuore dello spirito cristiano /$cCarlo Maria Martini ; [presentazione di Giuliano Vigini]. 260 $aCinisello Balsamo :$bSan Paolo,$c2012. 300 $a337 p. ;$c19 cm. 490 0 $aBiblioteca universale cristiana 490 0 $aBiblioteca universale cristiana. Le parole 500 $aSupplemento a Famiglia cristiana. 650 4$aBibbia - NT - Vangeli - Meditazioni.$0(OLS)http://semarc/subject/459 650 4$aMartini, Carlo Maria - Opere - Antologie.$0(OLS)http://semarc/subject/1146 700 1 $aVigini, Giuliano,$d<1946- >.$0(OLS)http://semarc/name/6731 830 0$aBUC : Biblioteca universale cristiana. Le parole.$0(OLS)http://semarc/title/35881 830 0$aBUC : Biblioteca universale cristiana.$0(OLS)http://semarc/title/35880 850 $aSeMil 852 $aSeMil$W1$xVenegono$y1$m2F II 525/A$j162810$B162810$CSeMilBibl$Z2$F173964 $81 961 $aOmaggio: Pontiggia don Virginio 996 $6020$a978-88-215-7492-4$9(OLS)http://semarc/number/207909 996 $6245$aIncontro al Signore Risorto :$bil cuore dello spirito cristiano$9(OLS)http://semarc/title/255722 996 $6260$aCinisello Balsamo :$bSan Paolo$9(OLS)http://semarc/publisher/30129